Frankenstein junior /
Guardat en:
| Altres autors: | , , , , , , |
|---|---|
| Format: | |
| Idioma: | italià |
| Publicat: |
[Roma] :
L'Unità,
c1995
|
| Col·lecció: | Americana ;
15 |
| Etiquetes: |
Sense etiquetes, Sigues el primer a etiquetar aquest registre!
|
MARC
| LEADER | 00000ngm a22000007i 4500 | ||
|---|---|---|---|
| 001 | IT\ICCU\RAV\0278879 | ||
| 003 | ItRI | ||
| 005 | 20260124182851.0 | ||
| 008 | 960912s1995 it |||||||||||||||k|||||c | ||
| 040 | |b ita | ||
| 041 | 7 | |a ita |2 ISO-639-2 | |
| 082 | |a 791.43618 |9 CINEMA. TIPI DI FILM. FILM COMICI |2 20 | ||
| 130 | 0 | |a Young Frankenstein <film ; 1974> |3 IT\ICCU\PUV\0925893 | |
| 245 | 0 | 0 | |a Frankenstein junior / |c un film di Mel Brooks ; racconto e sceneggiatura di Gene Wilder e Mel Brooks ; basato sui personaggi del romanzo "Frankenstein" di Mary W. Shelley ; musica di John Morris. |
| 260 | |a [Roma] : |b L'Unità, |c c1995 | ||
| 300 | |a 1 videocassetta (VHS) (102 min.) : |b b/n, son | ||
| 500 | |a Tit. del contenitore | ||
| 500 | |a Film del 1974, USA; interpreti: Gene Wilder, Peter Boyle, Marty Feldman, Cloris Leachman | ||
| 500 | |a Suppl. a: L'Unità. | ||
| 700 | 1 | |a Shelley, Mary Wollstonecraft |0 IT\ICCU\CFIV\114179 | |
| 700 | 1 | |a Morris, John, |d (1926-2018) |0 IT\ICCU\PALV\049526 | |
| 700 | 1 | |a Leachman, Cloris |0 IT\ICCU\RAVV\089050 | |
| 700 | 1 | |a Wilder, Gene |0 IT\ICCU\RAVV\094522 | |
| 700 | 1 | |a Feldman, Marty |0 IT\ICCU\RAVV\094523 | |
| 700 | 1 | |a Boyle, Peter |c (attore) |0 IT\ICCU\RMCV\000705 | |
| 700 | 1 | |a Brooks, Mel |0 IT\ICCU\UBOV\494631 | |
| 790 | 1 | |a Shelley, Mary Wollstonecraft Godwin |3 IT\ICCU\AUFV\001231 |z Shelley, Mary Wollstonecraft | |
| 790 | 1 | |a Shelley, Mary W. |3 IT\ICCU\CAGV\018543 |z Shelley, Mary Wollstonecraft | |
| 790 | 1 | |a Wollstonecraft Shelley, Mary |3 IT\ICCU\CFIV\118062 |z Shelley, Mary Wollstonecraft | |
| 790 | 1 | |a Shelley, Mary |3 IT\ICCU\TO0V\159376 |z Shelley, Mary Wollstonecraft | |
| 790 | 1 | |a Shelley, Mary Godwin |3 IT\ICCU\TO0V\159378 |z Shelley, Mary Wollstonecraft | |
| 790 | 1 | |a Silberman, Jerome |3 IT\ICCU\SBNV\047472 |z Wilder, Gene | |
| 830 | 0 | |a Americana ; |v 15 |0 IT\ICCU\RAV\0278880 | |
| 942 | |2 ddc |c VM |n 0 | ||
| 952 | |0 0 |1 0 |4 0 |6 VO_879_000000000000000 |7 0 |9 27258 |a BO |b BO |d 2026-01-24 |i 7841 |l 0 |o VO 879 |p BO7841 |r 2026-01-24 18:28:51 |w 2026-01-24 |x [Sebina 5] [1 videocassetta] |y VM |z 1 videocassetta | ||
| 952 | |0 0 |1 0 |4 0 |6 VO_2139_000000000000000 |7 0 |9 27259 |a BO |b BO |d 2026-01-24 |i 17418 |l 0 |o VO 2139 |p BO17418 |r 2026-01-24 18:28:51 |w 2026-01-24 |x [Sebina 5] [1 videocassetta] |y VM |z 1 videocassetta (2. copia) | ||
| 999 | |c 23076 |d 23076 | ||